Trouver le jeu vidéo (par rapport au personnage principal) - Statistiques

Statistiques générales
  • Ce quiz a été pris 153 fois
  • Le résultat moyen est 9 sur 15
Statistiques - réponses
Personnage principal Jeux % Correct
Link The Legend of Zelda
98%
Lara Croft Tomb Raider
93%
Kratos God of War
76%
Solid Snake Metal Gear
76%
Ryu Street Fighter
74%
Nathan Drake Uncharted
71%
Samus Aran Metroid
66%
Fox McCloud Star Fox
56%
Captain Falcon F-Zero
52%
Olimar Pikmin
51%
Gordon Freeman Half-Life
40%
Pit Kid Icarus
40%
Commandant Shepard Mass Effect
39%
Spartan John-117 Halo
34%
Little Mac Punch-Out !!
34%
Aucun quiz correspondant
Distribution des résultats
% des personnes avec chaque résultat
Percentile par nombre de réponses
Votre historique - résultats
Vous n’avez pas pris ce quiz